Na ostrove "slobody"

Súčasná Kuba - jej politický a spoločenský život. Stručné geografické a demografické údaje o krajine. Ako sa vyrábajú známe kubánske cigary.

Na minha lista:
Detalhes bibliográficos
Autor principal: Kokavcová, Lýdia
Formato: Capítulo de Livro
Idioma:eslovaco
Assuntos:
Tags: Adicionar Tag
Sem tags, seja o primeiro a adicionar uma tag!

MARC

LEADER 00000naa a2200000 4500
001 r048897
005 20230908083837.0
041 0 |a slo 
044 |a SK 
245 1 0 |a Na ostrove "slobody"  |c Lýdia Kokavcová 
520 |a Súčasná Kuba - jej politický a spoločenský život. Stručné geografické a demografické údaje o krajine. Ako sa vyrábajú známe kubánske cigary. 
610 2 0 |a vývoj spoločenský 
610 2 0 |a vývoj sociálny 
610 2 0 |a politika vnútorná 
610 2 0 |a turistika 
610 2 0 |a geografia 
610 2 0 |a demografia 
610 2 0 |a tabak 
610 2 0 |a Kuba 
100 1 |a Kokavcová, Lýdia